000 01985cam a22005174i 4500
003 PE-LiUPU
005 20260407114905.0
008 140408s2014 miu r 000 0 eng d
020 _a0802867618
020 _a9780802867612
035 _a(Sirsi) i9780802867612
040 _aDEBSZ
_bger
_erakwb
_cDEBSZ
_dDEBBG
_dPE-LiUPU
_erda
049 _aPRUA
082 0 4 _a230.01
_bS61
_220
100 1 _aSmith, James K. A.,
_d1970-,
_eautor.
245 1 0 _aHow (not) to be secular :
_breading Charles Taylor /
_cJames K.A. Smith.
264 1 _aGrand Rapids, Michigan :
_bWilliam B. Eerdmans Publishing Company,
_c2014.
300 _axii, 148 páginas ;
_c23 centímetros
336 _atext
_2rdacontent
337 _aunmediated
_2rdamedia
338 _avolume
_2rdacarrier
504 _aIndice : páginas 267-272.
505 0 _aReforming belief: the secular as modern accomplishment -- The religious path to exclusive humanism: from deism to atheism -- The malaise of immanence: the "feel" of a secular age -- Contesting the secularization thesis -- How (not) to live in a secular age.
526 _aSEG42
526 _aSEG41
526 _aSEG40
526 _aSEG39
526 _aP94
526 _aP87
526 _aP86
526 _aP85
526 _aP77
526 _aP76
526 _aP35
650 4 _aChristian philosophy.
650 4 _aReligion and culture.
650 0 _aFilosofía cristiana
_95133
650 4 _aReligión y cultura.
910 _adbm
_bncf
_cncf
_d20171213
942 _2ddc
_cBOOK
949 _a230.01 S61
_wDEWEY
_c1
_i77605
_lCATALOGING
_mBUL
_p16.00
_r0
_sY
_tBOOK
_u2017-12-13
_xPOSGRADO
_PP85
_0COMPRA
_o.STAFF. Colección Teología.
994 _aC0
_bPEPRU
596 _a1
999 _a230.01 S61
_wDEWEY
_c26136
_i77605
_f2021-11-9
_g4
_lCCODEBUL1
_mBUL
_p16.00
_r0
_sY
_tBOOK
_u2017-12-13
_xTEOLOGIA
_PP85
_0COMPRA
_o.STAFF. Colección Teología.
_d26136
980 _818226
_gJaime Vilcazán Jefe de Análisis Documental